000 00263nam a22000857a 4500
008 160704b xxu||||| |||| 00| 0 eng d
100 _91929
_a Student Aid Publication
245 _aDirectory of Scholarships for 10 +2
260 _aNew Delhi
_bStudent Aid Publication
_c2005
999 _c1631
_d1631